|
|
|
|
| LEADER |
02144cam a2200565 a 4500 |
| 001 |
nkc20071779967 |
| 003 |
CZ PrNK |
| 005 |
20080520072134.0 |
| 007 |
ta |
| 008 |
071114s2007 xr a e f 000 0 cze d |
| 015 |
|
|
|a cnb001779967
|
| 020 |
|
|
|a 978-80-249-0981-3
|q (váz.)
|
| 035 |
|
|
|a (OCoLC)228500601
|
| 040 |
|
|
|a KLG001
|b cze
|d BOA001
|d ABA001
|
| 041 |
1 |
|
|a cze
|h eng
|
| 072 |
|
7 |
|a 316.4/.7
|x Sociální interakce. Sociální komunikace
|2 Konspekt
|9 18
|
| 080 |
|
|
|a 159.95
|2 MRF
|
| 080 |
|
|
|a 159.942.4
|2 MRF
|
| 080 |
|
|
|a 316.772.4
|2 MRF
|
| 080 |
|
|
|a 159.923-021.411
|2 MRF
|
| 080 |
|
|
|a 316.61
|2 MRF
|
| 080 |
|
|
|a 395
|2 MRF
|
| 080 |
|
|
|a (035)
|2 MRF
|
| 100 |
1 |
|
|a Robin, Andy
|7 mzk2007424046
|4 aut
|
| 245 |
1 |
0 |
|a Kdo lže, vyhraje :
|b (--ale musí se to umět) : jak se lstivě vypořádat s každou trapnou situací /
|c Andy Robin, Gregg Kavet ; ilustrace Mike Pisiak ; [z anglického originálu ... přeložila Marie Macháčková]
|
| 246 |
3 |
0 |
|a Jak se lstivě vypořádat s každou trapnou situací
|
| 250 |
|
|
|a Vyd. 1.
|
| 260 |
|
|
|a V Praze :
|b Ikar,
|c 2007
|
| 300 |
|
|
|a 189 s. :
|b il. ;
|c 21 cm
|
| 650 |
0 |
7 |
|a lidské chování
|7 ph117221
|x humor
|2 czenas
|
| 650 |
0 |
7 |
|a interpersonální komunikace
|7 ph121153
|2 czenas
|
| 650 |
0 |
7 |
|a lidská přirozenost
|7 ph124918
|2 czenas
|
| 650 |
0 |
7 |
|a sociální dovednosti
|7 ph138866
|2 czenas
|
| 650 |
0 |
7 |
|a etiketa
|7 ph125923
|2 czenas
|
| 650 |
0 |
9 |
|a human behavior
|x humor
|2 eczenas
|
| 650 |
0 |
9 |
|a interpersonal communication
|2 eczenas
|
| 650 |
0 |
9 |
|a human naturalness
|2 eczenas
|
| 650 |
0 |
9 |
|a social skills
|2 eczenas
|
| 650 |
0 |
9 |
|a etiquette
|2 eczenas
|
| 655 |
|
7 |
|a příručky
|7 fd133209
|2 czenas
|
| 655 |
|
9 |
|a handbooks and manuals
|2 eczenas
|
| 700 |
1 |
|
|a Kavet, Gregg
|7 mzk2007424045
|4 aut
|
| 765 |
0 |
|
|t Saving face
|9 Česky
|
| 856 |
4 |
1 |
|u http://www.digitalniknihovna.cz/mzk/uuid/uuid:17e26620-6f32-11e6-8db5-005056827e52
|y Digitalizovaný dokument
|x NDK
|
| 910 |
2 |
|
|a BOA001
|b 2-1190.761
|
| 928 |
9 |
|
|a Euromedia Group - Ikar
|
| 990 |
|
|
|a BK
|
| 995 |
|
|
|a 01
|
| 991 |
|
|
|b 200712
|c NOV
|
| 996 |
6 |
|
|b 2610326726
|c 2-1190.761
|l MZK
|r Sklad / do 1 hodiny
|n 2
|p p.v.
|w 000876987
|u 000010
|a 1
|e BOA001
|j MZK50
|s P
|